[Event "Bundesliga 0203"]
[Site "Germany"]
[Date "2003.03.29"]
[Round "14.7"]
[White "Bezold, Michael"]
[Black "Van Delft, Merijn"]
[Result "1-0"]
[WhiteElo "2468"]
[BlackElo "2341"]
[Annotator "Horn,Pe"]
[PlyCount "82"]
[EventDate "2002.10.19"]
[EventType "team-tourn"]
[EventRounds "15"]
[EventCountry "GER"]
[SourceTitle "CBM 095"]
[Source "ChessBase"]
[SourceDate "2003.07.25"]
[SourceVersion "1"]
[SourceVersionDate "2003.07.25"]
[SourceQuality "1"]
[WhiteTeam "Hamburger SK"]
[BlackTeam "Emsdetten Turm"]
[WhiteTeamCountry "GER"]
[BlackTeamCountry "GER"]

1. g3 Nf6 2. Bg2 d5 3. Nf3 c6 4. b3 Bf5 5. Bb2 e6 6. d3 h6 7. Nbd2 Bc5 8. O-O
O-O 9. Qb1 $5 {[%cal Yb3b4] Dies scheint eine Spezialität von Bezold zu sein.
Anstatt (wie alle Welt) sich Gedanken zu machen, ob er lieber einen
Königsindischen Angriff oder ein Reti-System wählt, bereitet Bezold (zunächst)
einen Vormarsch am Damenflügel vor. Das scheint mir gerade in dieser Stellung
Sinn zu machen: der Bc5 könnte ein Tempo verlieren.} a5 (9... Qe7 10. a3 (10.
b4 $6 Bxb4 11. Bxf6 gxf6 $13)) 10. a3 Nbd7 ({Konsequenter sieht} 10... Qe7 {
aus, was den Vormarsch Pb4 verhindert.} 11. Qa2 {Das scheint die eigentliche
Idee zu sein; Weiß gruppiert sich wie folgt um und spielt dann Pe4.} Nbd7 12.
Rae1 Bh7 13. Qa1 $13 {Bezold,M-Hellsten,J/Stockholm 1998}) 11. b4 axb4 12. axb4
Rxa1 ({Natürlich nicht} 12... Bxb4 $4 13. Bxf6 $18) 13. Bxa1 Be7 14. c4 Bh7 15.
Bc3 {[%cal Yb1b2,Yb1a1] Weiß bereitet eine Verdoppelung auf der langen
Diagonalem a1-h8 vor.} Re8 (15... dxc4 16. Nxc4 Nd5 17. Bd2 $14) (15... Qc7)
16. e4 dxe4 17. dxe4 Bf8 18. Re1 Qc7 (18... b5 19. Nd4 $14) 19. Qa1 Rd8 20. Qa7
Ng4 (20... e5) 21. Qa1 Qb6 $2 ({Geduldiger wäre} 21... Ngf6 {, um zu weißen
Absichten genauer kennen zu lernen.}) 22. c5 Nxc5 (22... Qc7 23. e5 $16 {
[%cal Rh2h3]}) 23. bxc5 Bxc5 $2 (23... Qxc5 24. Bd4 $16) 24. Ba5 Bxf2+ 25. Kh1
(25. Kf1 $4 Qa6+ 26. Re2 Bc5 $19) 25... Qc5 26. Bxd8 $18 Bg6 (26... Bxe1 27.
Bb6 $1 {Das dürfte Van Delft übersehen haben.} Nf2+ 28. Kg1 Nh3+ 29. Kf1 $18)
27. Rc1 Qh5 28. Qa5 e5 29. Bb6 Bxg3 30. Bg1 Kh7 31. Qd8 Bf4 32. Ra1 f6 33. Ra8
Bf7 34. Qd7 ({Hübsch war hier} 34. Qh8+ $1 Kg6 35. Rg8 Bxg8 36. Qxg8 {und die
Lage ist tragikomisch.}) 34... b5 35. Ra7 Kg8 36. Ra8+ Kh7 37. Ra7 Kg8 38. Qxc6
b4 39. Rb7 b3 40. Qc8+ Kh7 41. Qf8 Qxh2+ 1-0

[Event "Lippstadt 9th"]
[Site "Lippstadt"]
[Date "1999.07.28"]
[Round "7"]
[White "Naiditsch, Arkadij"]
[Black "Mueller, Karsten"]
[Result "1-0"]
[WhiteElo "2417"]
[BlackElo "2533"]
[Annotator "Horn,Pe"]
[PlyCount "83"]
[EventDate "1999.07.22"]
[EventType "tourn"]
[EventRounds "11"]
[EventCountry "GER"]
[EventCategory "8"]
[SourceTitle "CBM 072"]
[Source "ChessBase"]
[SourceDate "1999.10.01"]
[SourceVersion "1"]
[SourceVersionDate "1999.10.01"]
[SourceQuality "1"]

1. Nf3 d5 2. g3 c6 3. Bg2 Nf6 4. O-O Bg4 5. d3 Nbd7 6. Qe1 e5 7. e4 dxe4 8.
dxe4 Bc5 9. Nbd2 O-O 10. h3 Bxf3 ({Zu spannungsreicherem Spiel führt} 10... Bh5
{. Es wäre interessant gewesen, zu sehen, wo Naiditsch von der beeindruckenden
Partie Akopian-Beliavsky (s.u.) abgewichen wäre.} 11. Nc4 (11. Nb3 {Smejkal})
11... Re8 12. a4 (12. Nh4 {Damljanovic}) (12. b4) 12... Nb6 (12... a5 {Gelfand/
Kapengut}) 13. Na5 Rb8 $5 14. Nh4 (14. Bd2 {Beliavsky} Nc8 15. Bc3 $13) 14...
Nc8 15. b4 Bb6 $132 {Akopian,V-Beliavsky,A/Ubeda 1997/CBM 58}) 11. Bxf3 {
Damit legt Naiditsch den Nd2 auf die übliche Rolle am Damenflügel (über c4
oder b3) fest.} ({Möglich war auch} 11. Nxf3 {mit etwas anderen Bildern:} a5
12. Nh4 a4 13. Nf5 Re8 {Welling,G-Murdzia,P/Velden 1994}) 11... Qe7 (11... b5
12. Qe2 Qe7 13. Nb3 Bb6 14. a4 a6 15. Bd2 Qe6 16. Kg2 Nc5 17. Nxc5 Bxc5 18. b4
$14 {Smejkal,J-Grund,H/Viernheim 1995}) (11... a5) 12. Qe2 Rfd8 ({Mit} 12... b5
{konnte Schwarz immer noch in die Partie Smejkal-Grund überleiten, aber er hat
andere Interessen.}) 13. Nc4 Nf8 14. a4 Ne8 15. a5 a6 (15... b5) 16. Be3 {
[%csl Gc4]} Bxe3 17. Qxe3 Rd4 $1 (17... Qe6 $2 {wäre Wasser auf die weißen
Mühlen:} 18. Nb6 $16) 18. Be2 Nf6 (18... Nd6 19. Nd2 {läßt den Rd4 in
scwieriger Lage.}) 19. Bd3 ({Hochinteressante Verwicklungen entstehen nach} 19.
c3 $5 Rxe4 20. Qf3 Qe6 21. Nb6 Rd8 22. Kg2 $1 $44 (22. Bd3 Rxd3 23. Qxd3 Qxh3
24. Qf3 Ng4 25. Qg2 ({Nach} 25. Qh1 Qxh1+ 26. Kxh1 Re2 $17 {fällt noch ein 3.
Bauer.}) 25... Qh6 $13)) 19... Rad8 ({Besser gefällt mir} 19... Qe6 20. b3 (20.
f4 Qxh3 21. Nxe5 Rad8 $132) 20... Qxh3 21. Nxe5 Rad8 $132) 20. b3 Ng6 21. Rae1
{Eine interessante Situation: Weiß hat einen glänzend postierten Nc4 und einen
kümmerlichen Linienstopfer Bd3; mit dem Textzug deutet er an, daß sich sein
weiteres Spiel am Königsflügel und im Zentrum vorstellt, sein Ziel muß
langfristig sein, dem Bd3 zu besseren Aussichten zu verhelfen.} h6 (21... h5
22. Qg5) 22. Re2 ({Das direkte} 22. f4 $2 {hätte nach} exf4 23. gxf4 Nh5 $17 {
nur zu Problemen geführt.}) 22... Nh5 {Schwarz wird selber aktiv; es scheint
aber, daß dies nicht genügend begründet ist.} (22... Qe6 23. Kh2 $14) 23. Qf3
Qg5 {[%cal Rh5f4]} 24. Kh1 {Nach dieser einfachen Antwort kommt das schwarze
Spiel am Königsflügel zum Stehen.} Nf6 25. h4 Nxh4 $2 ({Angemessen war} 25...
Qg4 26. Qxg4 Nxg4 $14 {mit geringfügig angenehmerem Spiel für Weiß.}) 26. gxh4
Qxh4+ 27. Kg1 Nh5 28. Re3 R8d6 $2 ({Nach} 28... Nf4 29. Qg3 $16 {hätte sich
die Qh4 zurückziehen müssen: der Angriff wäre abgeschlagen. Immerhin hätte
Schwarz mit seinen aktiven Figuren und den beiden Bauern eher Widerstand
leisten können.}) 29. Nxd6 Rxd6 30. Qh3 $18 Qg5+ 31. Kh1 Nf4 32. Qh2 Qf6 33.
Rg1 h5 34. Qg3 g6 35. Qg5 Qxg5 36. Rxg5 f6 37. Rg1 Kg7 38. Rd1 Kf8 39. Be2 Ke7
40. Rxd6 Kxd6 41. Bc4 Kc5 42. c3 1-0

[Event "Reggio Emilia 41th"]
[Site "Reggio Emilia "]
[Date "1998.12.31"]
[Round "4"]
[White "Efimov, Igor"]
[Black "Vezzosi, Paolo"]
[Result "1-0"]
[WhiteElo "2530"]
[BlackElo "2325"]
[Annotator "Horn,Pe"]
[PlyCount "79"]
[EventDate "1998.12.28"]
[EventType "tourn"]
[EventRounds "9"]
[EventCountry "ITA"]
[EventCategory "8"]
[SourceTitle "CBM 069"]
[Source "ChessBase"]
[SourceDate "1999.04.01"]
[SourceVersion "1"]
[SourceVersionDate "1999.04.01"]
[SourceQuality "1"]

1. Nf3 Nf6 2. g3 d5 3. Bg2 c6 4. O-O Bg4 5. d3 e6 6. Nbd2 Nbd7 7. Qe1 (7. e4
Bc5 8. Qe2 O-O 9. e5 Ne8 10. c3 f5 11. d4 Be7 12. Nb3 g5 13. Bd2 Ng7 14. Nc1
Qe8 15. h3 Bh5 16. Nd3 Rc8 $132 {Bowden,K-Plaskett,J/Southampton 1986}) 7...
Bc5 (7... Be7 8. e4 O-O 9. e5 Ne8 10. h3 (10. d4 Nc7 11. c3 b5 12. h3 Bh5 13.
Nh2 b4 14. f4 (14. cxb4 Bxb4 15. a3 Be7 16. b4 a5) 14... Bg6 15. Qe3 c5 16. g4
f5 17. Ndf3 (17. exf6 $142) 17... Nb5 18. a4 bxa3 19. bxa3 Qa5 $17 {Hachmann,
B-Nogly,C/Pinneberg 1996}) 10... Bh5 11. Nh2 Qb6 (11... Bc5 12. Ndf3 h6 13. d4
Be7 14. h4 Bg6 15. Qe2 c5 16. c3 Rc8 17. Ng4 Qc7 $15 {Schomberg,C-Schnelle,R/
Pinneberg 1997}) 12. Kh1 Nc7 13. f4 f6 14. g4 Bg6 15. exf6 Bxf6 16. Nb3 Rae8
17. Be3 Qa6 $15 {Lebredo,G-Savon,V/Lublin 1977}) 8. e4 O-O 9. e5 $146 {[%csl
Gg4] Dieser Vorstoß hat strategisch in ähnlichen Konstellationen (mit Bg4)
keinen guten Ruf. Er stärkt den Bg4. Weiter oben sind einige typische
Eröffnungsabläufe angegeben.} Ne8 10. d4 Bb6 {Ein wenig extravagant: der Bb6
behindert den Vorstoß des Pb7. Mir scheint auch der Bb6 wenig mit dem Ne8 zu
harmonieren.} (10... Be7 $142 {Damit hat Schwarz gegenüber den obigen Partien
mit 7...Be7 ein glattes Tempo weniger; aber selbst damit sollte diese Stellung
für Schwarz sehr angenehm zu spielen sein.}) 11. c3 f6 (11... c5 $142) (11...
f5 $5) 12. h3 Bf5 13. Qe2 h6 (13... c5 14. Nh4 $13) ({Konsequent (nach f6) war
} 13... fxe5 14. Nxe5 Nxe5 15. Qxe5 Bc7 16. Qe2 $14 {Ich könnte mir vorstellen,
daß Französischspielern die schwarze Position gefällt. Der Ne8 steht sehr
unglücklich; man könnte ihn aber z.B. nach f7 bringen.}) 14. b3 $1 {[%cal
Yc1b2] In den oben angegebenen Eröffnungsbeispielen war eher Schwarz der
stärkere Spieler. Efimov sichert sich (anders als dort) erst, ehe er seine
Position im Zentrum und am Königsflügel ausbaut.} c5 15. Bb2 Nc7 16. Rac1 a5 (
16... a6) 17. a4 Rc8 $2 (17... Ba7 {[%cal Ya8b8,Yb7b5]}) 18. Rfe1 cxd4 19. cxd4
Qe7 20. exf6 $16 Rxf6 21. Nh4 Rcf8 22. f4 Bh7 (22... g5 23. fxg5 hxg5) 23. Nhf3
Na6 24. Kh2 Nb4 25. Ba3 Qd6 (25... Nb8 26. Qb5) 26. Rc3 Nb8 27. Qb5 N8a6 28.
Rce3 Nc7 29. Qe2 Rd8 30. Nb1 Be4 {[%cal Re4f3]} 31. Qd2 Bxf3 32. Rxf3 Rdf8 33.
Rfe3 R8f7 34. Re5 Rf5 35. Nc3 g5 (35... Rxe5 36. Rxe5 Rf5) 36. Nb5 (36. fxg5
hxg5 37. Na2 $18) 36... Nxb5 37. Rxe6 gxf4 (37... Qc7) 38. axb5 (38. Rxd6 fxg3+
39. Kh1 Nxd6 40. Bxb4 axb4 41. Qxh6 $18) 38... Qd7 $4 (38... Qc7 $16) 39. Rxb6
f3 40. Qxh6 1-0

[Event "Lazne Bohdanec"]
[Site "Lazne Bohdanec"]
[Date "1994.??.??"]
[Round "10"]
[White "Blatny, Pavel"]
[Black "Trichkov, Vasil"]
[Result "1-0"]
[WhiteElo "2525"]
[BlackElo "2415"]
[Annotator "Horn,Pe"]
[PlyCount "105"]
[EventDate "1994.02.??"]
[EventType "tourn"]
[EventRounds "11"]
[EventCountry "CZE"]
[EventCategory "10"]
[SourceTitle "CBM 040"]
[Source "ChessBase"]
[SourceDate "1994.06.01"]
[SourceVersion "1"]
[SourceVersionDate "1994.06.01"]
[SourceQuality "1"]

1. Nf3 d5 2. b3 Bf5 3. Bb2 e6 4. g3 Nf6 5. Bg2 c6 6. d3 Nbd7 7. Nbd2 h6 8. O-O
Bc5 9. e3 (9. e4 $1) 9... O-O 10. Qe2 Qe7 11. Rae1 $5 a5 12. a4 Bb4 (12... b5
13. Nd4 bxa4 $132) 13. h3 Bh7 14. Qd1 Rfe8 (14... b5 $132) 15. Re2 Qc5 $6 (
15... e5 $1) 16. Bd4 Qe7 17. e4 dxe4 18. Nxe4 Nxe4 (18... Bxe4 19. dxe4 e5 20.
Bb2 Rad8 21. Qa1 $14) 19. dxe4 Bc5 20. Bb2 Rad8 21. Qa1 e5 22. Kh2 Bd6 (22...
f6 $5) 23. Rd1 Bc7 24. Nh4 Qe6 25. g4 (25. Red2 $5 $14) 25... Nf8 26. Red2 Rxd2
27. Rxd2 Ng6 28. Nf5 Rd8 (28... Nf4 29. Bf1 Bxf5 30. gxf5 Qe7 31. Qd1 Rd8 (
31... Qh4 32. Qg4 Qxg4 33. hxg4 $16) 32. Rxd8+ Bxd8 33. Bxe5 (33. Qg4 Bc7)
33... Qxe5 34. Qxd8+ Kh7 $44) 29. Qd1 Rxd2 30. Qxd2 Nf4 $2 (30... Ne7 31. Bf1
$14) 31. Nxg7 $1 Qe7 (31... Kxg7 32. Qxf4) 32. Nh5 Nxh5 33. gxh5 Qd6 34. Qc3
Kf8 35. Qe3 Bd8 36. Qg3 Bf6 37. Bc3 Qc5 38. Kg1 Ke7 39. Qd3 Bg5 40. Bd2 Bxd2
41. Qxd2 Qb4 (41... Qd6 42. Qxa5 Qd1+ 43. Kh2 Qxh5 44. Qc7+ $18) 42. Qxh6 Qe1+
43. Kh2 Bxe4 44. Qg5+ Ke6 45. Bxe4 Qxe4 46. Qg4+ Qf5 47. h6 Qxg4 48. hxg4 Kf6
49. Kg3 Kg6 50. g5 f6 51. gxf6 Kxh6 52. Kg4 Kg6 53. f7 1-0

[Event "Sydney Mercantile"]
[Site "Sydney"]
[Date "1991.??.??"]
[Round "9"]
[White "Gedevanishvili, Dmitry"]
[Black "Rogers, Ian"]
[Result "0-1"]
[WhiteElo "2400"]
[BlackElo "2545"]
[Annotator "Horn,Pe"]
[PlyCount "132"]
[EventDate "1991.04.??"]
[EventType "tourn"]
[EventRounds "9"]
[EventCountry "AUS"]
[EventCategory "10"]
[SourceTitle "CBM 023"]
[Source "ChessBase"]
[SourceDate "1991.08.01"]
[SourceVersion "1"]
[SourceVersionDate "1991.08.01"]
[SourceQuality "1"]

1. Nf3 Nf6 2. g3 d5 3. Bg2 c6 4. O-O Bg4 5. d3 Nbd7 6. Nbd2 e6 7. h3 Bh5 8. e4
Bc5 {N} (8... Be7) 9. Qe1 O-O 10. Kh1 a5 11. Nh4 Ne8 12. f4 dxe4 13. dxe4 f6
14. g4 Bf7 15. e5 $6 (15. Nb3 $5 $14) 15... fxe5 16. fxe5 Be7 $1 {erkämpft g6
für den Bf7} 17. Nhf3 (17. Ndf3 $2 Nxe5 $17) 17... Nc5 18. Nb3 Nxb3 19. axb3
Bg6 20. Ra4 $6 (20. Qe2 Nc7 21. Rd1 $10) 20... Nc7 (20... Bxc2 21. Nd4 Bd3 22.
Rxf8+ Bxf8 23. Nxe6) 21. Rd4 Qe8 22. Qe2 Rd8 23. Rfd1 Rxd4 24. Nxd4 Bc5 25. c4
$6 (25. Qc4 Qe7 $15) 25... Na6 26. Be3 Rf7 27. h4 Rd7 28. h5 Bf7 29. Rd2 Qd8
30. Nf3 h6 31. Rxd7 Qxd7 32. Bc1 (32. Qd2 Qxd2 33. Bxd2 Bb4 $17) 32... Nb4 {
/\ Nd3} 33. Bf1 (33. Ne1 Qd4 34. Kh2) 33... Kh8 34. Kg2 Qd8 35. Bf4 Bg8 36. g5
hxg5 37. Nxg5 (37. Bxg5 Qe8 38. Nh4 Bh7 $17) 37... Qd4 38. Bg3 Nc2 $5 39. Bf2
$2 (39. Qxc2 Qg1+ 40. Kh3 Qxf1+ 41. Kg4) 39... Ne3+ 40. Bxe3 Qxe3 41. Qxe3 Bxe3
42. Ne4 Bd4 43. Nd6 b6 44. Bd3 Bxe5 45. c5 bxc5 46. Nc4 Bc7 47. Be4 e5 48. Bxc6
Bf7 49. Kf3 (49. Bf3 a4 $19) 49... Bxh5+ 50. Ke4 Bf7 51. Ba4 Kh7 52. Nxe5 Be6
53. Nc4 g5 54. Ne3 g4 55. Bb5 Kg6 56. Bc4 Bc8 57. Bd5 Kg5 58. Bc6 Bf4 59. Ng2
Bd2 60. Kd3 Bb4 61. Bd5 g3 62. Ke2 Kg4 63. Kf1 Ba6+ 64. Kg1 Bd2 65. Kh1 Be2 66.
Kg1 Bf3 0-1

[Event "EU-Cup 14th final"]
[Site "Belgrade"]
[Date "1999.01.12"]
[Round "2"]
[White "Dizdarevic, Emir"]
[Black "Vaganian, Rafael A"]
[Result "0-1"]
[WhiteElo "2528"]
[BlackElo "2605"]
[Annotator "Horn,Pe"]
[PlyCount "56"]
[EventDate "1999.01.11"]
[EventType "team-k.o."]
[EventRounds "3"]
[EventCountry "YUG"]
[SourceTitle "EXT 2020"]
[Source "ChessBase"]
[SourceDate "2019.10.17"]
[SourceVersion "1"]
[SourceVersionDate "2019.10.17"]
[SourceQuality "1"]
[WhiteTeam "Sarajevo Bosna"]
[BlackTeam "Breda Panfox"]
[WhiteTeamCountry "BIH"]
[BlackTeamCountry "NED"]

1. Nf3 {Baburin} d5 2. g3 Bg4 3. Ne5 {Das Problem bei diesem Zug ist, da�
der Ne5 bei der Befragung durch Nd7 die gewonnene Zeit wieder verliert.} Bf5 4.
c4 Nd7 $1 ({Weniger gef�llt mir die Empfehlung von ECO:} 4... f6) 5. Nxd7 (5.
Qa4 c6 6. Nxd7 Qxd7 7. Bg2 dxc4 8. Qxc4 e5 9. d3 Nf6 10. Bg5 Be6 11. Qc2 Bd5
12. O-O Bxg2 13. Kxg2 Nd5 14. Nc3 Nc7 15. Be3 Ne6 {= Barle,J-Sherbakov,R/
Ljubljana 1992}) ({Man darf sicher sein, da� Vaganian sich etwas gegen die
folgende Partie zurechtgelegt hatte:} 5. d4 Nxe5 6. dxe5 dxc4 (6... Be4 $5 7.
f3 Bxb1 8. Rxb1 dxc4 9. Qa4+ c6) 7. Qa4+ c6 8. Qxc4 Be6 9. Qb4 Qd5 10. Rg1 Qc4
11. Qxc4 Bxc4 12. Nd2 Ba6 13. Ne4 e6 14. Be3 Bb4+ 15. Bd2 Bxd2+ 16. Kxd2 Rd8+
17. Kc2 Rd5 $6 18. f4 f6 19. Nd6+ Ke7 20. e4 {+/- Dizdarevic,E-Zaja,I/Porec
1998}) 5... Qxd7 6. Bg2 (6. cxd5 Qxd5 7. Rg1 (7. f3 Bxb1 8. Rxb1 Qxa2 {-/+})
7... Bxb1 8. Bg2 (8. Rxb1 Qxa2) 8... Be4 (8... Qf5 9. Qa4+ Qd7 (9... Kd8 10.
Bxb7 {+=}) 10. Qxd7+ Kxd7 11. Rxb1 c6 12. b4 {+= Alburt,L-Dlugy,M/USA-ch m 1990
}) 9. Qa4+ c6 10. Bxe4 Qd7 11. b3 Nf6 12. Bf3 g6 13. Bb2 Bg7 14. O-O-O O-O 15.
Qd4 Qc7 16. Qb4 Qd7 17. Qd4 Qc7 18. Qf4 Qd7 {1/2-1/2 Hodgson,J-Sherbakov,R/
Leeuwarden 1994/EXT 97 (18)}) (6. Qb3 Qc6 (6... O-O-O 7. Bg2 (7. cxd5 Be4) 7...
Be4 8. f3 Bxb1 9. Rxb1 e6 10. cxd5 exd5 11. d4 h5 12. h4 Kb8 13. Kf2 Bd6 14. e4
dxe4 15. fxe4 c6 {~ Biekert,G-Dorfman,J/FRA-chT 1992}) 7. Qb5 Qxb5 8. cxb5 e5
9. Bg2 Nf6 10. d3 h6 11. Nc3 O-O-O 12. Bd2 Bc5 13. Rc1 Bd4 {1/2-1/2 Salov,
V-Dreev,A/Elista 1998}) 6... Be4 {N} (6... e6 7. Qb3 c6 8. d3 Nf6 9. O-O Be7
10. Nc3 d4 11. Ne4 Bxe4 12. dxe4 e5 13. Bd2 O-O 14. Qd3 a5 15. Rad1 Qe6 16. f4
Nd7 17. f5 Qd6 18. g4 h6 19. Qg3 Bg5 {=+ Poley,V-Rublevsky,S/Aalborg 1993}) 7.
f3 (7. Bxe4 dxe4 8. Nc3 Nf6 {=+}) 7... Bxb1 8. Rxb1 dxc4 9. Qc2 h5 (9... b5 10.
b3 (10. f4 Rc8 11. b3 cxb3 12. Qxb3 (12. Rxb3 c5) 12... c6 {~}) 10... cxb3 11.
Rxb3 {~=}) 10. f4 (10. Qxc4 h4 11. gxh4 {~}) 10... c6 11. Qxc4 h4 12. g4 (12.
d3) 12... h3 (12... Qxg4 $2 13. Bxc6+ {+-}) 13. Bf3 Nf6 14. b4 (14. g5 Nd5 $132
) 14... Rc8 (14... Nxg4 $6 15. b5 {+=}) 15. f5 e6 16. fxe6 fxe6 17. Rb3 (17. d4
) 17... Bd6 18. g5 Nd5 19. Bg4 Qe7 20. Rxh3 $2 (20. Bxe6 Qxe6 21. Re3 Be5 22.
Bb2 Rh4 $1 23. Qb3 Rxb4 24. Rxe5 Qxe5 25. Bxe5 Rxb3 26. axb3 Kf7 {=}) (20. Qe4
$5) 20... Rxh3 21. Bxh3 Kd7 22. Bg4 Rf8 $1 (22... Qxg5 23. Rf1) 23. Qe4 $2 (23.
e4 Rf4 24. Qe2 Qxg5 25. Bxe6+ (25. exd5 Qxd5 26. Qxe6+ Qxe6+ 27. Bxe6+ Kxe6 {
-/+}) 25... Kxe6 26. exd5+ Kxd5 $1 {-/+}) 23... Rf4 {-+} 24. Qg2 Ne3 $1 {
Baburin: 'This sudden blow expouses White's king to the attack of Black's
remaining pieces.'} 25. dxe3 Bxb4+ 26. Kd1 Qd6+ 27. Kc2 Rc4+ 28. Kb1 Ba3 $1 0-1

[Event "Lippstadt 9th"]
[Site "Lippstadt"]
[Date "1999.08.01"]
[Round "10"]
[White "Mirumian, Vigen"]
[Black "Wehmeier, Stefan"]
[Result "1-0"]
[WhiteElo "2506"]
[BlackElo "2428"]
[Annotator "Horn,Pe"]
[PlyCount "67"]
[EventDate "1999.07.22"]
[EventType "tourn"]
[EventRounds "11"]
[EventCountry "GER"]
[EventCategory "8"]
[SourceTitle "CBM 072"]
[Source "ChessBase"]
[SourceDate "1999.10.01"]
[SourceVersion "1"]
[SourceVersionDate "1999.10.01"]
[SourceQuality "1"]

1. Nf3 d5 2. g3 c6 3. Bg2 Bf5 4. O-O Nf6 5. d3 h6 6. Nbd2 e6 7. b3 Nbd7 8. Bb2
Bc5 9. a3 O-O ({Üblich ist hier} 9... a5 10. e4 Bh7) 10. b4 {Konsequent} Bd6 (
10... Be7) 11. c4 Qe7 12. Re1 {[%cal Ye2e4] Das Gegenüber von Re1 und Qe7 ist
Weiß sicher nicht unangenehm.} e5 13. e4 dxe4 14. dxe4 Bg4 (14... Be6) 15. Qc2
Rfd8 16. Nh4 Nf8 17. c5 $16 {Gegenüber den normalen Varianten ist hier Schwarz
doch arg geschubst worden.} Bc7 18. Nf5 Qe6 ({Bei} 18... Bxf5 19. exf5 {
[%csl Re5] hat Schwarz wegen des schwachen Pe5 ein schweres Leben.}) 19. Nc4
N6d7 20. Ncd6 b6 21. Bf1 Bxf5 $2 {Wenn schon auf f5 nehmen, dann bitte gleich 
(18...).} ({Nach} 21... Qf6 {ist es trotz der begangenen Sünden noch
erstaunlich schwierig, etwas Konkretes herauszuholen, z.B.:} 22. f4 bxc5 23.
bxc5 Rab8) 22. exf5 Qe7 23. Rad1 bxc5 24. bxc5 f6 (24... Rab8 25. Bc4 Bxd6 26.
cxd6 Qf6 27. f4 $18) 25. Bc4+ Kh7 26. Ne4 (26. Ba2 $18 {[%cal Yc2c4]}) 26... a5
$2 {Offensichtlich hat Schwarz (mindestens) hier schon innerlich aufgegeben.} (
26... Rab8) 27. Ba2 $18 Nb8 28. Rxd8 Qxd8 29. Rd1 (29. Qb3 Nfd7 30. Qb7 $18)
29... Nfd7 30. Qb3 Ra7 31. Qf7 Qf8 32. Nxf6+ Kh8 33. Nxd7 Nxd7 34. Rxd7 1-0

[Event "Budapest FS02 GM"]
[Site "Budapest"]
[Date "1994.??.??"]
[Round "10"]
[White "Bezold, Michael"]
[Black "Loginov, Valery A"]
[Result "1/2-1/2"]
[WhiteElo "2515"]
[BlackElo "2540"]
[Annotator "Horn,Pe"]
[PlyCount "83"]
[EventDate "1994.02.??"]
[EventType "tourn"]
[EventRounds "13"]
[EventCountry "HUN"]
[EventCategory "9"]
[SourceTitle "CBM 040"]
[Source "ChessBase"]
[SourceDate "1994.06.01"]
[SourceVersion "1"]
[SourceVersionDate "1994.06.01"]
[SourceQuality "1"]

1. g3 d5 2. Bg2 c6 3. Nf3 Bg4 4. O-O Nd7 5. d4 e6 6. Nbd2 f5 7. c4 Bd6 8. Qb3
Rb8 9. Qe3 (9. cxd5 $5 exd5 10. Qd3 Nh6 (10... Qf6 11. e4 $1 Bxf3 12. e5 Qe6
13. Nxf3 Be7 14. b4 $1 $16 {Norwood-King/London/1988}) (10... Ngf6 11. h3 Bxf3
12. exf3 $16) (10... Ne7 11. Ng5 $16) 11. Nb3 Bxf3 (11... O-O 12. Bxh6 gxh6 13.
e3 $16) (11... Qf6 12. Bg5 Qe6 13. Nc5 $1 $16 {Kengis-Hector/Haninge/1992}) 12.
exf3 (12. Qxf3 O-O 13. Bxh6 gxh6 14. Qh5 $14) 12... O-O (12... Qf6 13. Bxh6
gxh6 14. Rae1+ Kf7 15. f4) 13. Bxh6 gxh6 14. f4 Qf6 15. Rfe1 $14) 9... Qe7 10.
Ng5 Nf8 11. Ndf3 h6 12. Nh3 Bxf3 $146 (12... g5 13. Ne5 Nf6 14. cxd5 Nxd5 15.
Qd3 Bxe5 16. dxe5 Rd8 17. Qc4 Nd7 18. f3 Bxh3 19. Bxh3 O-O 20. f4 g4 21. Bg2
Qc5+ 22. Qxc5 Nxc5 $10 {Bezold-Yusupov/Altensteig/1993}) 13. Qxf3 (13. exf3 g5
$13) 13... Nf6 14. Qb3 (14. Nf4 g5 15. Nh5 (15. Nh3 g4 $19) (15. Nd3 dxc4)
15... Nxh5 16. Qxh5+ Qf7 $13) (14. cxd5 $5 cxd5 (14... Nxd5 15. e4 fxe4 16.
Qxe4 $14) 15. Bf4 $14 (15. Nf4 $14)) 14... Ng6 15. cxd5 exd5 16. Qe3 Qxe3 17.
Bxe3 Kd7 18. a3 Rbe8 19. Rfe1 Ne4 20. Rad1 Rhf8 21. Bc1 f4 22. f3 Ng5 23. Nxg5
hxg5 24. Bh3+ Kc7 25. Kg2 Rh8 26. Bf5 Ne7 27. Bg4 Ng8 28. e4 dxe4 29. fxe4 Nh6
30. Bh5 f3+ 31. Kxf3 (31. Bxf3 g4 32. Be2 Rxe4) 31... g6 32. Bxg6 $8 Ref8+ 33.
Kg2 (33. Ke2 Ng4) 33... Ng4 34. e5 Rxh2+ 35. Kg1 Be7 (35... Rff2 $2 36. exd6+
Kxd6 37. Be4 Rh3 38. Rd3 $18) 36. Rf1 Rfh8 {/\ Rh1#} 37. Be4 Nxe5 $1 38. Rd2 (
38. dxe5 $4 Bc5+ $19) 38... Rxd2 39. Bxd2 Nc4 40. Bc1 Nd6 41. Bd3 Rh6 42. Kg2
$14 1/2-1/2